[Event "Mittelrhein Verbandsliga Sued 1920"]
[Site "Mittelrhein"]
[Date "2020.02.16"]
[Round "6.8"]
[White "Humbek, Olav"]
[Black "Berkle, Alexander"]
[Result "1-0"]
[WhiteElo "1758"]
[BlackElo "1370"]
[PlyCount "123"]
[EventDate "2019.09.29"]
[EventType "team-tourn"]
[EventRounds "9"]
[EventCountry "GER"]
[SourceTitle "EXT 2023"]
[Source "ChessBase"]
[SourceDate "2022.10.05"]
[SourceVersion "1"]
[SourceVersionDate "2022.10.05"]
[SourceQuality "1"]
[WhiteTeam "Lohmar"]
[BlackTeam "Erftstadt SV"]
[WhiteTeamCountry "GER"]
[BlackTeamCountry "GER"]

1. b3 e5 2. Bb2 Nc6 3. e3 d5 4. Bb5 Bd6 5. f4 Qe7 6. Nf3 Bg4 7. fxe5 Bxe5 8. Bxe5 Bxf3 9. Qxf3 Qxe5 10. Nc3 Nf6 11. 0-0 0-0 12. Bxc6 bxc6 13. Ne2 Qe4 14. Qxe4 Nxe4 15. d3 Ng5 16. Rf5 Ne6 17. Raf1 Rad8 18. Nf4 Nxf4 19. R5xf4 f6 20. Ra4 Rfe8 21. Rf3 Ra8 22. Ra6 Re6 23. Kf2 Kf7 24. Rf4 Ke7 25. Rfa4 Kd6 26. e4 dxe4 27. Rxe4 Rxe4 28. dxe4 Kc5 29. c3 Kd6 30. Ke3 g5 31. Kd4 Kd7 32. c4 Kd6 33. b4 Kd7 34. e5 fxe5+ 35. Kxe5 Re8+ 36. Kf5 Re2 37. Kxg5 Rxg2+ 38. Kf4 Rxh2 39. Ke3 Rb2 40. a3 h5 41. Rxa7 h4 42. Ra8 h3 43. Rh8 Rb3+ 44. Kd4 Rxa3 45. Kc5 Re3 46. Rh7+ Ke8 47. Kxc6 Kf8 48. b5 Ke8 49. Rxc7 Re7 50. Rc8+ Kf7 51. Rh8 Re3 52. b6 Kg7 53. Rh4 Re6+ 54. Kc7 Rh6 55. Rg4+ Rg6 56. Rxg6+ Kxg6 57. b7 h2 58. b8Q h1Q 59. Qg8+ Kf6 60. Qd5 Qh7+ 61. Qd7 Qh2+ 62. Qd6+ 1-0